000 00441nam a2200157 i 4500
001 38885
003 ES-MaACL
005 20230906155837.0
007 t|
008 030226s1957 sp ||||1| spa d
100 1 _aCalvo, Gloria.
_933841
245 1 3 _aLa calle
_b: poemas /
_cGloria Calvo.
260 _aMadrid :
_bCultura Clásica y Moderna,
_c1957 (
_fImp. Samarán)
300 _a52 p. ;
_c20 cm.
852 _aES-MaACL
_j1999-F-7
_bR.41581
999 _c38885
_d38885